header

Data protection law for employers (Record no. 51143)

MARC details
000 -LEADER
fixed length control field 00996nam a2200265Ia 4500
100 1# - MAIN ENTRY--AUTHOR NAME
Personal name Singleton, Susan.
245 10 - TITLE STATEMENT
Title Data protection law for employers
260 ## - PUBLICATION, DISTRIBUTION, ETC. (IMPRINT)
Place of publication London :
Name of publisher Thorogood,
Year of publication c2003.
300 ## - PHYSICAL DESCRIPTION
Number of Pages 141 p.
650 #0 - SUBJECT ADDED ENTRY--TOPICAL TERM
Topical Term Data protection
Topical Term Privacy, Right of.
856 40 - ELECTRONIC LOCATION AND ACCESS
Uniform Resource Identifier http://site.ebrary.com/lib/rucke/Doc?id=10088331

No items available.

© 2026 Rongo University
Contact us: librarian | system librarian | Rongo university